| 000 | 01422cam a22003613a 4500 | ||
|---|---|---|---|
| 999 |
_c6522 _d6522 |
||
| 001 | 13474261 | ||
| 003 | OSt | ||
| 005 | 20200129130951.0 | ||
| 008 | 040130s2003 enk 000 0 eng | ||
| 010 | _a 2004351007 | ||
| 015 | _aGBA3-Y2255 | ||
| 020 | _a0852554265 | ||
| 035 | _a(OCoLC)ocm51913467 | ||
| 040 |
_aUKM _cUKM _dDLC |
||
| 082 | 0 | 4 |
_a378.6761 _221 _bMUS 2003 |
| 100 | 1 |
_aMusisi, Nakanyike B. _913393 |
|
| 245 | 1 | 0 |
_aMakerere University in transition 1993-2000 : _bopportunities & challenges / _cNakanyike B. Musisi, Nansozi K. Muwanga. |
| 260 |
_aOxford : _bJames Currey, _c2003. |
||
| 300 |
_a128 p. ; _c22 cm. |
||
| 440 | 0 |
_aHigher education in Africa _913237 |
|
| 500 | _aPublished in association with Partnership for Higher Education in Africa. | ||
| 504 | _aIncludes bibliographical references. | ||
| 610 | 2 | 0 |
_aMakerere University. _913394 |
| 610 | 2 | 0 |
_aMakerere University. _xAdministration. _913395 |
| 650 | 0 |
_aEducational change _zUganda. _913396 |
|
| 650 | 0 |
_aUniversities and colleges _zUganda. _913397 |
|
| 650 | 0 |
_aEducation _xPolitical aspects _zUganda. _913398 |
|
| 700 | 1 |
_aMuwanga, Nansozi K. _913399 |
|
| 710 | 2 |
_aPartnership for Higher Education in Africa. _913243 |
|
| 906 |
_a7 _bcbc _ccopycat _d2 _encip _f20 _gy-gencatlg |
||
| 942 |
_2ddc _cO_SHELF |
||